Szegeden peremboltok és iparosházak épülnek a tervek már elkészültek

Elmentve itt :
Bibliográfiai részletek
Dokumentumtípus: Cikk
Megjelent: 1962-08-22
Sorozat:Délmagyarország
Kulcsszavak:Városfejlesztés Szeged 1962
Online Access:http://dmarchiv.bibl.u-szeged.hu/55254
LEADER 00452nab a2200145 i 4500
001 delm55254
005 20180927141853.0
008 180927s1962 hu o 0|| hun d
040 |a SZTE Délmagyarország Archívum  |b hun 
041 |a hun 
245 0 0 |a Szegeden peremboltok és iparosházak épülnek   |h [elektronikus dokumentum] :  |b a tervek már elkészültek 
260 |c 1962-08-22 
300 |a 5 
490 0 |a Délmagyarország 
695 |a Városfejlesztés Szeged 1962